000 00436nam a22001937a 4500
003 OSt
005 20140310182830.0
008 130603t xxu||||| |||| 00| 0 eng d
050 _aHV 697
_b.C453 19_
082 _aM 355.3450973
_b St7 19_
245 _aCHAMPUS Handbook
260 _cc19_
300 _a125 p.
521 _acollege students
526 _c1210L-1700L
541 _j1
562 _e1
942 _2lcc
_cBK
_kM
999 _c16613
_d16613